| 000 | 00480nam a22001697a 4500 | ||
|---|---|---|---|
| 003 | SISC | ||
| 005 | 20170710165917.0 | ||
| 008 | 170710b xxu||||| |||| 00| 0 eng d | ||
| 020 | _a9712712249 | ||
| 050 |
_aBV 4240 _b.V732 1993 |
||
| 100 | _aVillegas, Socrates B. | ||
| 245 |
_aOnly Jesus always Jesus / _cSocrates B. Villegas. |
||
| 260 |
_aQuezon City : _bOrogem Int'l Publishing Co., Inc., _c1993. |
||
| 300 |
_a252 pages ; _c21 cm. |
||
| 650 | _aSermons. | ||
| 942 |
_2lcc _cBK |
||
| 999 |
_c337470 _d337470 |
||